000
00278nam a22001217a 4500
008
170622b xxu||||| |||| 00| 0 eng d
041
_a
eng
080
_a
32
100
_a
20
101
_a
SHP
245
_a
CIVIL VIOLENCE IN THE URBAN COMMUNITY
_c
MASOTTI, L.H
942
_2
udc
_c
BK
999
_c
18575
_d
18575